EU FNCS Second Places - Statistics

General Stats
  • This quiz has been taken 9 times
  • The average score is 45 of 59
Answer Stats
Season Gamemode Country Year Point Difference Player % Correct
Chapter 5 Season 2 Duo Switzerland ๐Ÿ‡จ๐Ÿ‡ญ 2024 251 Chap
100%
Chapter 5 Season 3 Duo Switzerland ๐Ÿ‡จ๐Ÿ‡ญ 2024 11 Chap
100%
Chapter 4 Season 3 Duo Bosnia and Herzegovina ๐Ÿ‡ง๐Ÿ‡ฆ /Serbia ๐Ÿ‡ท๐Ÿ‡ธ 2023 147 Chico
100%
Chapter 6 Season 3 Trio Germany ๐Ÿ‡ฉ๐Ÿ‡ช 2025 75 Flickzy
100%
Chapter 6 Season 2 Trio Denmark ๐Ÿ‡ฉ๐Ÿ‡ฐ 2025 37 Fredoxie
100%
Chapter 3 Season 3 Duo Russia ๐Ÿ‡ท๐Ÿ‡บ 2022 19 Malibuca
100%
Chapter 4 Season 1 Duo Russia ๐Ÿ‡ท๐Ÿ‡บ 2023 1 Malibuca
100%
Chapter 6 Season 1 Trio Russia ๐Ÿ‡ท๐Ÿ‡บ 2025 25 Malibuca
100%
Chapter 6 Season 1 Trio Ukraine ๐Ÿ‡บ๐Ÿ‡ฆ 2025 25 P1ng
100%
Chapter 6 Season 2 Trio Denmark ๐Ÿ‡ฉ๐Ÿ‡ฐ 2025 37 PabloWingu
100%
Chapter 7 Season 2 Duo Denmark ๐Ÿ‡ฉ๐Ÿ‡ฐ 2026 76 PabloWingu
100%
Chapter 2 Season 2 Duo Serbia ๐Ÿ‡ท๐Ÿ‡ธ 2019 5 Queasy
100%
Chapter 5 Season 1 Duo Serbia ๐Ÿ‡ท๐Ÿ‡ธ 2024 1 Queasy
100%
Chapter 5 Season 2 Duo Slovenia ๐Ÿ‡ธ๐Ÿ‡ฎ 2024 251 T3eny
100%
Chapter 5 Season 3 Duo Slovenia ๐Ÿ‡ธ๐Ÿ‡ฎ 2024 11 T3eny
100%
Chapter 3 Season 2 Duo Slovenia ๐Ÿ‡ธ๐Ÿ‡ฎ 2022 22 TaySon
100%
Chapter 4 Season 2 Duo Slovenia ๐Ÿ‡ธ๐Ÿ‡ฎ 2023 151 TaySon
100%
Chapter 2 Season 5 Trio Denmark ๐Ÿ‡ฉ๐Ÿ‡ฐ 2021 40 Th0masHD
100%
Chapter 4 Season 1 Duo Denmark ๐Ÿ‡ฉ๐Ÿ‡ฐ 2023 1 Th0masHD
100%
Chapter 5 Season 1 Duo Denmark ๐Ÿ‡ฉ๐Ÿ‡ฐ 2024 1 Th0masHD
100%
Chapter 6 Season 2 Trio Denmark ๐Ÿ‡ฉ๐Ÿ‡ฐ 2025 37 Tjino
100%
Chapter 7 Season 2 Duo Denmark ๐Ÿ‡ฉ๐Ÿ‡ฐ 2026 76 Tjino
100%
Chapter 2 Season 2 Duo Serbia ๐Ÿ‡ท๐Ÿ‡ธ 2019 5 TruleX
100%
Chapter 4 Season 3 Duo Serbia ๐Ÿ‡ท๐Ÿ‡ธ 2023 147 Trulex
100%
Chapter 2 Season 7 All-Star Solo Solo United Kingdom ๐Ÿ‡ฌ๐Ÿ‡ง 2021 12 Veno
100%
Chapter 6 Season 3 Trio United Kingdom ๐Ÿ‡ฌ๐Ÿ‡ง 2025 75 Veno
100%
Chapter 6 Season 3 Trio Austria ๐Ÿ‡ฆ๐Ÿ‡น 2025 75 Vic0
100%
Chapter 6 Season 1 Trio Sweden ๐Ÿ‡ธ๐Ÿ‡ช 2025 25 Wox
100%
Chapter 2 Season 5 Trio Denmark ๐Ÿ‡ฉ๐Ÿ‡ฐ 2021 40 Anas
86%
Chapter 3 Season 2 Duo Sweden ๐Ÿ‡ธ๐Ÿ‡ช 2022 22 Chapix
86%
Chapter 2 Season 8 Grand Royale Trio Poland ๐Ÿ‡ต๐Ÿ‡ฑ 2021 25 Kami
86%
Chapter 3 Season 3 Duo Latvia ๐Ÿ‡ฑ๐Ÿ‡ป 2022 19 Merstach
86%
Chapter 4 Season 2 Duo Latvia ๐Ÿ‡ฑ๐Ÿ‡ป 2023 151 Merstach
86%
Chapter 2 Season 1 Squad United Kingdom ๐Ÿ‡ฌ๐Ÿ‡ง 2019 12 Mongraal
86%
Chapter 2 Season 6 Trio Norway ๐Ÿ‡ณ๐Ÿ‡ด 2021 17 MrSavage
86%
Chapter 2 Season 8 Grand Royale Trio Poland ๐Ÿ‡ต๐Ÿ‡ฑ 2021 25 Setty
86%
Chapter 2 Season 8 Grand Royale Trio Poland ๐Ÿ‡ต๐Ÿ‡ฑ 2021 25 Teeq
86%
Chapter 2 Season 4 Trio France ๐Ÿ‡ซ๐Ÿ‡ท 2020 14 Andilex
71%
Chapter 1 Season X Trio Norway ๐Ÿ‡ณ๐Ÿ‡ด 2019 13 Endretta
71%
Chapter 2 Season 6 Trio Norway ๐Ÿ‡ณ๐Ÿ‡ด 2021 17 Endretta
71%
Chapter 2 Season 4 Trio Germany ๐Ÿ‡ฉ๐Ÿ‡ช 2020 14 JannisZ
71%
Chapter 2 Season 1 Squad United Kingdom ๐Ÿ‡ฌ๐Ÿ‡ง 2019 12 Wolfiez
71%
Chapter 2 Season 2 Invitational Solo United Kingdom ๐Ÿ‡ฌ๐Ÿ‡ง 2020 20 Wolfiez
71%
Chapter 3 Season 1 Duo Russia ๐Ÿ‡ท๐Ÿ‡บ 2022 45 Kiryache
57%
Chapter 2 Season 1 Squad France ๐Ÿ‡ซ๐Ÿ‡ท 2019 12 nayte
57%
Chapter 3 Season 1 Duo Ukraine ๐Ÿ‡บ๐Ÿ‡ฆ 2022 45 Stormyrite
57%
Chapter 2 Season 4 Trio France ๐Ÿ‡ซ๐Ÿ‡ท 2020 14 xsweeze
57%
Chapter 2 Season 1 Squad United Kingdom ๐Ÿ‡ฌ๐Ÿ‡ง 2019 12 benjyfishy
43%
Chapter 2 Season 5 Trio Denmark ๐Ÿ‡ฉ๐Ÿ‡ฐ 2021 40 Flikk
43%
Chapter 2 Season 8 Trio Denmark ๐Ÿ‡ฉ๐Ÿ‡ฐ 2021 92 FlowiS
43%
Chapter 2 Season 8 Trio Denmark ๐Ÿ‡ฉ๐Ÿ‡ฐ 2021 92 Hellfire
43%
Chapter 2 Season 6 Trio Denmark ๐Ÿ‡ฉ๐Ÿ‡ฐ 2021 17 Refsgaard
43%
Chapter 2 Season 8 Trio Denmark ๐Ÿ‡ฉ๐Ÿ‡ฐ 2021 92 Skram
43%
Chapter 2 Season 7 Trio Denmark ๐Ÿ‡ฉ๐Ÿ‡ฐ 2021 13 trippernn
29%
Chapter 2 Season 3 Solo France ๐Ÿ‡ซ๐Ÿ‡ท 2020 11 Decyptos
14%
Chapter 2 Season 7 Trio Denmark ๐Ÿ‡ฉ๐Ÿ‡ฐ 2021 13 elokratz
0%
Chapter 2 Season 7 Trio Denmark ๐Ÿ‡ฉ๐Ÿ‡ฐ 2021 13 Hottie
0%
Chapter 1 Season X Trio Sweden ๐Ÿ‡ธ๐Ÿ‡ช 2019 13 Pate1k
0%
Chapter 1 Season X Trio Norway ๐Ÿ‡ณ๐Ÿ‡ด 2019 13 Ritz
0%
No matching quizzes found
Score Distribution
Percent of People with Each Score
Percentile by Number Answered
Your Score History
You have not taken this quiz